Použitie vlnkovej transformácie v defektoskopii

Na minha lista:
Detalhes bibliográficos
Autor principal: Bložon, Branislav (Author)
Outros Autores: Syrová, Lívia, 1946- (Thesis advisor)
Formato: Manuscrito Livro
Idioma:eslovaco
Publicado em: Bratislava : STU v Bratislave FEI, 2003
Assuntos:
Tags: Adicionar Tag
Sem tags, seja o primeiro a adicionar uma tag!

MARC

LEADER 00000ntm a22000003a 4500
001 stu80983
005 20160719164738.0
008 030616s2003------------------------slo-d
040 |a STU  |b slo 
041 0 |a slo 
100 1 |a Bložon, Branislav  |4 aut 
245 1 |a Použitie vlnkovej transformácie v defektoskopii 
260 |a Bratislava :  |b STU v Bratislave FEI,  |c 2003 
300 |a 58 s 
650 7 |a automatizácia  |2 stusub 
700 1 |a Syrová, Lívia,  |d 1946-  |4 ths  |u E040  |U FEI Fakulta elektrotechniky a informatiky  |T FEI Ústav elektrotechniky  |X 4251  |U E040  |Y 550  |7 A000004251